<?xml version='1.0' encoding='UTF-8'?>
  <record xmlns="http://www.loc.gov/MARC21/slim">
    <leader>00000cam a22000007i 4500</leader>
    <controlfield tag="001">ocm64741228</controlfield>
    <controlfield tag="003">OCoLC</controlfield>
    <controlfield tag="005">20250910220516.6</controlfield>
    <controlfield tag="008">870917s1856    ne       m    000 0 lat d</controlfield>
    <datafield tag="040" ind1=" " ind2=" ">
      <subfield code="a">NLGGC</subfield>
      <subfield code="b">dut</subfield>
      <subfield code="e">fobidrtb</subfield>
      <subfield code="c">NLGGC</subfield>
      <subfield code="d">OCLCO</subfield>
      <subfield code="d">OCLCL</subfield>
      <subfield code="d">OCLCQ</subfield>
    </datafield>
    <datafield tag="029" ind1="0" ind2=" ">
      <subfield code="a">NLGGC</subfield>
      <subfield code="b">04112250X</subfield>
    </datafield>
    <datafield tag="035" ind1=" " ind2=" ">
      <subfield code="a">(OCoLC)64741228</subfield>
    </datafield>
    <datafield tag="100" ind1="1" ind2=" ">
      <subfield code="a">Hoorn, H.J.E. van</subfield>
      <subfield code="q">(Henricus Joannes Ernestus),</subfield>
      <subfield code="d">1832-1886.</subfield>
      <subfield code="1">https://id.oclc.org/worldcat/entity/E39PCjBQbK96x6vhcdq3pyy9j3</subfield>
    </datafield>
    <datafield tag="245" ind1="1" ind2="0">
      <subfield code="a">Disquisitio historico-dogmatica exponens Röellii litem de aeterna generatione Filii Dei a Patre /</subfield>
      <subfield code="c">quam ... ex auctoritate rectoris magnifici Ludovici Gerardi Visscher ... publico ac solemni examini submittet Henricus Joannes Ernestus van Hoorn, Amisfurtensis.</subfield>
    </datafield>
    <datafield tag="260" ind1=" " ind2=" ">
      <subfield code="a">Trajecti ad Rhenum [Utrecht] :</subfield>
      <subfield code="b">Post Uiterweer &amp; Soc.,</subfield>
      <subfield code="c">1856.</subfield>
    </datafield>
    <datafield tag="300" ind1=" " ind2=" ">
      <subfield code="a">103 p. ;</subfield>
      <subfield code="c">24 cm.</subfield>
    </datafield>
    <datafield tag="336" ind1=" " ind2=" ">
      <subfield code="a">tekst</subfield>
      <subfield code="b">txt</subfield>
      <subfield code="2">rdacontent/dut</subfield>
    </datafield>
    <datafield tag="337" ind1=" " ind2=" ">
      <subfield code="a">zonder medium</subfield>
      <subfield code="b">n</subfield>
      <subfield code="2">rdamedia/dut</subfield>
    </datafield>
    <datafield tag="338" ind1=" " ind2=" ">
      <subfield code="a">band</subfield>
      <subfield code="b">nc</subfield>
      <subfield code="2">rdacarrier/dut</subfield>
    </datafield>
    <datafield tag="502" ind1=" " ind2=" ">
      <subfield code="a">Proefschrift Utrecht.</subfield>
    </datafield>
    <datafield tag="530" ind1=" " ind2=" ">
      <subfield code="a">Titel is geselecteerd voor digitalisering voor de Universiteit van Leiden in het kader van het Google Books-project.</subfield>
    </datafield>
    <datafield tag="700" ind1="1" ind2=" ">
      <subfield code="a">Visscher, L.G.</subfield>
      <subfield code="q">(Lodewijk Gerard),</subfield>
      <subfield code="d">1797-1859.</subfield>
      <subfield code="1">https://id.oclc.org/worldcat/entity/E39PBJmTqYXcftRFwXJMjMyjmd</subfield>
    </datafield>
    <datafield tag="776" ind1="0" ind2=" ">
      <subfield code="t">Disquisitio historico-dogmatica exponens Röellii litem de aeterna generatione Filii Dei a Patre</subfield>
      <subfield code="w">(NL-LeOCL)411337742</subfield>
    </datafield>
    <datafield tag="776" ind1="0" ind2=" ">
      <subfield code="t">Disquisitio historico-dogmatica exponens Röellii litem de aeterna generatione Filii Dei a Patre</subfield>
      <subfield code="w">(NL-LeOCL)411337769</subfield>
    </datafield>
    <datafield tag="936" ind1=" " ind2=" ">
      <subfield code="a">BATCHLOAD</subfield>
    </datafield>
  </record>